000 00857nam a22002537a 4500
999 _c13826
_d13826
003 AR-CdUCM
008 190416b ||||| |||| 00| 0 spa d
040 _aMUNICIPALIDAD PROVINCIAL DEL CUSCO
_cBIBLIOTECA MUNICIPAL DEL CUSCO
082 _aC / 980.51 /
_bG23
100 _aGarcia, J. Uriel
_932384
245 _aEl nuevo indio :
_bensayo indigenista sobre la sierra surperuana /
260 _aCuzco :
_bH. G. Rozas,
_c1930.
300 _a218 páginas ;
_c23.5 cm.
505 _aEl indio antiguo -- El nuevo indio -- El pueblo mestizo...
650 _aRealidad Nacional.
_91454
650 _aIndio.
_929864
650 _aProblema del indio.
_92859
650 _aEl ande.
_932385
650 _aTradición.
_92713
650 _aCostumbres cusqueñas.
_929946
650 _aLiteratura cusqueña.
_9164
942 _2ddc
_cLIBROS
945 _awfj
_d2019-04-16